000 00526nam a2200169 a 4500
001 000047184
005 20201002053427.0
008 180418s2017 dr a 000 spa d
020 _a9789945124606
040 _aDO-SdBNP
_bspa
_cBNPHU
082 _axxx
_bM717l
100 1 _aMolina Martínez, Delkis
_974944
245 0 _aLengua española 3 :. :
_bnivel secundario /
_cDelkis Molina Martínez.
260 _aSanto Domingo :
_bSusaeta Ediciones,
_c2017.
300 _a237 p. :
_bil. ;
_c30 cm.
590 _aInventariado, 2018 / DG
999 _c46672
_d46672